Click the Correct Project SEKAI April Fools 2025 Side - Statistics

General Stats
  • This quiz has been taken 4 times
  • The average score is 23 of 26
Answer Stats
Hint Answer % Correct
Mafuyu Asahina Heroes
100%
Hatsune Miku (Wonderland) Heroes
100%
An Shiraishi Heroes
100%
Shizuku Hinomori Heroes
100%
Mizuki Akiyama Heroes
100%
Emu Otori Heroes
100%
Haruka Kiritani Heroes
100%
Kanade Yoisaki Villains
100%
Ichika Hoshino Villains
100%
Rui Kamishiro Villains
100%
Honami Mochizuki Villains
100%
Toya Aoyagi Villains
100%
Shiho Hinomori Villains
100%
Kohane Azusawa Villains
100%
Nene Kusanagi Villains
100%
Ena Shinonome Villains
100%
Tsukasa Tenma Heroes
75%
Minori Hanasato Heroes
75%
MEIKO (Street) Heroes
75%
Saki Tenma Heroes
75%
Megurine Luka (Stage) Heroes
75%
Airi Momoi Villains
75%
Kagamine Len (Empty) Villains
75%
Akito Shinonome Heroes
50%
Kagamine Rin (Empty) Villains
50%
KAITO (School) Villains
50%
No matching quizzes found
Score Distribution
Percent of People with Each Score
Percentile by Number Answered
Your Score History
You have not taken this quiz